Chiese d'Italia - Quiz fotografico - Statistics

Statistiche generali
  • Questo quiz è stato fatto 530 volte
  • Il punteggio medio è 11 su 20
Statistiche sulle risposte
con Immagini Hint Risposta % Corretto
S. Marco Venezia
99%
S. Maria del Fiore Firenze
96%
S. Maria in Trastevere Roma
89%
Natività della B.V. Maria Milano
87%
S. Francesco Assisi
85%
S. Francesco di Paola Napoli
85%
S. Antonio Padova
75%
S. Maria di Idris Matera
68%
S.V. Maria Assunta Palermo
64%
S. Maria Assunta Siena
58%
Real Basilica Torino
55%
S. Maria Assunta Orvieto
48%
S. Andrea Amalfi
35%
S. Maria Assunta Parma
34%
S. Nicola Pellegrino Trani
32%
S. Croce Lecce
26%
S. Giusto Trieste
26%
S. Maria Assunta Cremona
25%
S. Vigilio Trento
24%
S. Maria della Consolazione Todi
14%
Nessun quiz corrispondente trovato
Distribuzione punteggi
Percentuale di utenti per punteggio
Percentile per numero di risposta
I tuoi punteggi nel tempo
Non hai fatto questo quiz